000 00806nam a22002777a 4500
003 CHAP
005 20220329140837.0
008 971013s1966 r 00010 d
010 _a58488
011 _a59460
035 _a63618
040 _cCHAP
082 _a576
_bS8
100 0 0 _aSussman, Alfred S.
_9110784
245 _aSpores
_b: their dormancy and germination
260 _aNew York :
_bHarper and Row,
_c1966
300 _a354 p.
_b: ilus.
590 _aBATCH-UPD
_b10
_c20130110
_lUCH01
_h0431
590 _aBATCH-UPD
_b10
_c20130110
_lUCH01
_h2216
590 _aCONVERSION
_b10
_c20130109
_lUCH01
_h1331
650 1 4 _aEsporas.
_938131
700 0 _aHalvorson, Harlyn O.
_952399
901 _aBK
942 _cLIBRO
949 _a576 S8
_bBC
_cLIBRO
_d33724000461695
_eLIBRO
_h15335
_i63618
_si
_t187.50
999 _c58488
_d58488